Papers on national income and alied topics, v.3 (Record no. 369613)

000 -LEADER
fixed length control field 00460cam a22001337a 4500
008 - FIXED-LENGTH DATA ELEMENTS--GENERAL INFORMATION
fixed length control field 180718b1966 xxu||||| |||| 00| 0 eng d
082 ## - DEWEY DECIMAL CLASSIFICATION NUMBER
Classification number T112x54 In2/3
245 ## - TITLE STATEMENT
Title Papers on national income and alied topics, v.3
Statement of responsibility, etc. by Indian Association for Research in National Income and Wealth
260 ## - PUBLICATION, DISTRIBUTION, ETC.
Place of publication, distribution, etc. Bombay
Name of publisher, distributor, etc. Asia
Date of publication, distribution, etc. 1966
300 ## - PHYSICAL DESCRIPTION
Extent 264p.
500 ## - GENERAL NOTE
General note Rs.42.00
650 ## - SUBJECT ADDED ENTRY--TOPICAL TERM
Topical term or geographic name entry element Income - India
700 ## - ADDED ENTRY--PERSONAL NAME
Personal name Indian Association for Research in National Income and Wealth
Holdings
Withdrawn status Lost status Damaged status Not for loan Permanent Location Current Location Date acquired Full call number Barcode Date last seen Price effective from Koha item type
        Indian Institute of Public Administration Indian Institute of Public Administration 1994-06-02 T112x54 In2/3 39482 2018-07-21 2018-07-21 Book

Powered by Koha